000 00667cab a2200229 4500
001 WB2646-32
008 090401t1990 xxu||||| |||| 00| 0 eng d
035 _a(Sirsi) u28941
041 _aeng
245 _aPru sells estate agency
260 _c1990
350 _a0
490 _aFinancial Times
_v20/11/90 p1,23
490 _aIndependent
_v20/11/90 p22 (2)
520 _aPrudential Corporation is to sell off its network of 500 estate agencies, having incurred heavy loss es.
650 _aACQUISITION
650 _aINSTITUTIONS
650 _aSALE
690 _aMANAGEMENT-BUSINESS MANAGEMENT-PROFESSIONAL PRACTICE
942 _n0
948 _c04/03/1997
999 _c19473
_d19473